[Event "RUS-ch U14"]
[Site "Dagomys"]
[Date "2009.04.20"]
[Round "6"]
[White "Usmanov, Vasily"]
[Black "Kozin, Denis"]
[Result "0-1"]
[WhiteElo "2084"]
[BlackElo "1941"]
[PlyCount "94"]
[EventDate "2009.04.15"]
[EventType "swiss"]
[EventRounds "9"]
[EventCountry "RUS"]
[SourceTitle "CBM 130 Extra"]
[Source "ChessBase"]
[SourceDate "2009.07.02"]
[SourceVersion "2"]
[SourceVersionDate "2009.07.15"]
[SourceQuality "1"]

1. d4 Nf6 2. c4 g6 3. Nc3 d5 4. Nf3 Bg7 5. g3 0-0 6. Bg2 c6 7. 0-0 Ne4 8. cxd5 Nxc3 9. bxc3 cxd5 10. Bf4 Nc6 11. Ne5 Nxe5 12. Bxe5 Bxe5 13. dxe5 Be6 14. Rb1 Qc7 15. Qd4 Rfd8 16. f4 b6 17. h3 Rac8 18. Rb3 Qc4 19. g4 Qxe2 20. f5 Rc4 21. Qf2 Qxf2+ 22. Rxf2 Bc8 23. Ra3 a6 24. Rd2 Bb7 25. fxg6 hxg6 26. e6 f6 27. Bf1 Rc5 28. c4 d4 29. Rb2 Rd6 30. Rab3 Rxe6 31. Rxb6 Rxb6 32. Rxb6 Bc8 33. Bd3 Kg7 34. Kf2 e5 35. g5 f5 36. h4 e4 37. Bc2 d3 38. Bb3 f4 39. Rd6 Bg4 40. Ke1 Rc7 41. Rd4 Bf5 42. Kd2 e3+ 43. Ke1 d2+ 44. Kf1 f3 45. Bd1 Bh3+ 46. Kg1 f2+ 47. Kh2 f1Q 0-1